000 00404 a2200121 4500
001 ART_47171
005 20260410161850.0
008 260409a
245 1 0 _aMedidas alternativas de la pobreza por ingresos para el Gran Buenos Aires 1980-1995
100 1 _aAlbornoz Crespo, Facundo
700 1 _aPetrecolla, Diego
773 0 _tEconómica
_g- Año XLII, Nº 1/2 (ene. 1996)
_wREV7541
999 _c24937
_d24937